|
|
|
|
| LEADER |
00000nam0a2200000 4500 |
| 001 |
35523 |
| 005 |
20231101210316.0 |
| 035 |
|
|
|a (RuTPU)RU\TPU\book\35957
|
| 035 |
|
|
|a BOOK00002609
|
| 090 |
|
|
|a 35523
|
| 100 |
|
|
|a 20011210d1979 k y0rusy50 ca
|
| 101 |
0 |
|
|a rus
|
| 102 |
|
|
|a RU
|
| 105 |
|
|
|a y g 000zy
|
| 200 |
1 |
|
|a Основные математико-статистические понятия и формулы в экономическом анализе
|e Справочник
|f И. Г. Венецкий, В. И. Венецкая
|
| 205 |
|
|
|a 2-е изд., перераб. и доп.
|
| 210 |
|
|
|a Москва
|c Статистика
|d 1979
|
| 215 |
|
|
|a 448 с.
|
| 451 |
|
1 |
|0 (RuTPU)RU\TPU\book\33092
|t Основные математико-статистические понятия и формулы в экономическом анализе
|f И. Г. Венецкий, В. И. Венецкая
|c Москва
|n Статистика
|d 1974
|p 279 с.
|s Математическая статистика для экономистов
|a Венецкий, Илья Григорьевич
|
| 606 |
|
|
|a Математическая статистика
|2 stltpush
|3 (RuTPU)RU\TPU\subj\41210
|9 61018
|
| 610 |
1 |
|
|a формулы
|
| 610 |
1 |
|
|a показатели
|
| 610 |
1 |
|
|a понятия
|
| 610 |
1 |
|
|a примеры
|
| 610 |
1 |
|
|a математико-статистические методы
|
| 610 |
1 |
|
|a экономические анализы
|
| 610 |
1 |
|
|a справочники
|
| 675 |
|
|
|a 519.22(035)
|v 3
|
| 700 |
|
1 |
|a Венецкий
|b И. Г.
|g Илья Григорьевич
|
| 701 |
|
1 |
|a Венецкая
|b В. И.
|g Вера Ивановна
|
| 801 |
|
0 |
|a RU
|b 63413507
|c 20011210
|g PSBO
|
| 801 |
|
2 |
|a RU
|b 63413507
|c 20200613
|g PSBO
|
| 900 |
|
|
|a Методы обработки биомедицинских сигналов и данных
|
| 942 |
|
|
|c BK
|